Normal view
MARC view
Entry Personal Name
001 - CONTROL NUMBER
- control field: 520774
003 - CONTROL NUMBER IDENTIFIER
- control field: OSt
005 - DATE AND TIME OF LATEST TRANSACTION
- control field: 20220930062212.0
008 - FIXED-LENGTH DATA ELEMENTS
- fixed length control field: 220930|| aca||aabn | a|a d
040 ## - CATALOGING SOURCE
- Original cataloging agency: OSt
- Transcribing agency: OSt
100 ## - HEADING--PERSONAL NAME
- Personal name: Gumani Gurvinder
670 ## - SOURCE DATA FOUND
- Source citation: Work cat.: (OSt)855236: Gumani Gurvinder, Study of the music of Mauritius with reference to Bhojpuri Music, 1992
